The effect of recover satisfaction, severity and psychological contract violation toward boycott in halal violation incident (Record no. 496)

MARC details
000 -LEADER
fixed length control field 01264nam a22002897a 4500
001 - CONTROL NUMBER
control field 03110
003 - CONTROL NUMBER IDENTIFIER
control field HDC
007 - PHYSICAL DESCRIPTION FIXED FIELD--GENERAL INFORMATION
fixed length control field cr bn ---
008 - FIXED-LENGTH DATA ELEMENTS--GENERAL INFORMATION
fixed length control field 210102b20162016my ||||| |||| 00| 0 eng d
040 ## - CATALOGING SOURCE
Original cataloging agency HDC
100 ## - MAIN ENTRY--PERSONAL NAME
Personal name Nor Asiah Omar
Relator term author
9 (RLIN) 639
245 #4 - TITLE STATEMENT
Title The effect of recover satisfaction, severity and psychological contract violation toward boycott in halal violation incident
Statement of responsibility, etc. / Nor Asiah Omar, Nordiana Ahmad Nordin and Muhamad Azrin Nazri
260 ## - PUBLICATION, DISTRIBUTION, ETC.
Place of publication, distribution, etc. Malaysia:
Name of publisher, distributor, etc. Malaysian Consumer and Family Economics Association,
Date of publication, distribution, etc. 2016
300 ## - PHYSICAL DESCRIPTION
Extent 1 online resource (16 pages)
336 ## - CONTENT TYPE
Content type term text
Source rdacontent
337 ## - MEDIA TYPE
Media type term computer
Source rdamedia
338 ## - CARRIER TYPE
Carrier type term online resource
Source rdacarrier
500 ## - GENERAL NOTE
General note Extract from: Malaysian Journal of Consumer and Family Economics, 2016 (pages 127-142)
-- Includes bibliographical references
650 ## - SUBJECT ADDED ENTRY--TOPICAL TERM
Topical term or geographic name entry element Consumer behavior
9 (RLIN) 167
650 ## - SUBJECT ADDED ENTRY--TOPICAL TERM
Topical term or geographic name entry element Halal food industry
Geographic subdivision Malaysia
9 (RLIN) 218
700 ## - ADDED ENTRY--PERSONAL NAME
Personal name Muhamad Azrin Nazri
Relator term joint author
9 (RLIN) 646
700 ## - ADDED ENTRY--PERSONAL NAME
Personal name Nordiana Ahmad Nordin
Relator term joint author
9 (RLIN) 645
856 ## - ELECTRONIC LOCATION AND ACCESS
Public note Request full-text at [email protected]
942 ## - ADDED ENTRY ELEMENTS (KOHA)
Source of classification or shelving scheme Library of Congress Classification
942 ## - ADDED ENTRY ELEMENTS (KOHA)
Koha item type Articles
942 ## - ADDED ENTRY ELEMENTS (KOHA)
Call number prefix JART 002543
Holdings
Withdrawn status Lost status Source of classification or shelving scheme Damaged status Not for loan Home library Current library Shelving location Date acquired Total checkouts Full call number Date last seen Price effective from Koha item type
    Library of Congress Classification     Halal Development Corporation Library Halal Development Corporation Library Open Shelves 24/05/2023   JART 002543 24/05/2023 24/05/2023 Articles
Halal Development Corporation Berhad (HDC)
5.02 Level 5, KPMG Tower, First Avenue, Persiaran Bandar Utama, 47800 Petaling Jaya, Selangor Darul Ehsan
Phone: +603 7965 5489 Email: [email protected]